| 000 | 00526nam a2200193Ia 4500 | ||
|---|---|---|---|
| 005 | 20250423100825.0 | ||
| 008 | 250422s9999 xx 000 0 und d | ||
| 020 | _a9788123923390 | ||
| 050 | _aQP 34.5 .K48/ | ||
| 100 | _aKhullar, Mohini | ||
| 245 | 0 | _aReview in medical physiology: for undergraduate students with questions and answers | |
| 250 | _a3rd ed. | ||
| 260 | _aNew Delhi | ||
| 260 | _bCBS Publishers & Distributors | ||
| 260 | _c2013 | ||
| 300 | _a351 p | ||
| 650 | _aMedical physiology | ||
| 942 | _cBK | ||
| 999 |
_c34447 _d34447 |
||